De eso (...) No se habla: (Tiempos para la reflexividad del YO y para asumir los riesgos de la homogeneidad de los silenciamiento)

El artículo aborda la problemática identitaria de la sociedad chilena desde un enfoque psicosocial, destacándose los antecedentes históricos y culturales que han determinado una subjetividad vulnerada en la expresión de diferentes modalidades de silenciamiento. La reflexión se respalda en los refere...

Full description

Bibliographic Details
Main Author: Pozzoli, María Teresa
Format: Analitica de revista
Language:Spanish
Published: Santiago, Chile: Universidad Academia de Humanismo Cristiano, 2002.
Subjects:
Online Access:Disponible en línea (PDF). Biblioteca Digital UAHC

MARC

LEADER 00000cab a2200000 a 4500
001 027212
003 UAHC_CL
005 20210909175934.0
008 031031s2002 cl 000 spa
952 |0 0  |1 0  |4 0  |6 CASTALIA_03_02_000000000000000  |7 0  |8 COMP  |9 54478  |a BC  |b BC  |c Hemeroteca  |d 2017-08-03  |l 0  |o CASTALIA-03/02  |r 2019-01-08 00:00:00  |w 2017-08-03  |y REVA 
999 |c 27212  |d 27212 
040 |a UAHC_CL  |c UAHC_CL  |d UAHC_CL 
100 |a Pozzoli, María Teresa  |9 5830 
245 1 0 |a De eso (...) No se habla:  |b (Tiempos para la reflexividad del YO y para asumir los riesgos de la homogeneidad de los silenciamiento)   |c María Teresa Pozzoli. 
260 |a Santiago, Chile:  |b Universidad Academia de Humanismo Cristiano,  |c 2002. 
300 |a pp. 65-79 
500 |a En: Castalia, revista de psicología de la Academia, no. 3, 2002. pp. 65-79. ISSN 07174985. 
520 |a El artículo aborda la problemática identitaria de la sociedad chilena desde un enfoque psicosocial, destacándose los antecedentes históricos y culturales que han determinado una subjetividad vulnerada en la expresión de diferentes modalidades de silenciamiento. La reflexión se respalda en los referentes empíricos de los informes de PNUD de Desarrollo Humano referidos a Chile. 
650 0 |a Identidad grupal   |z Chile  |9 11998 
650 0 |a Sociedad   |x Aspectos psicológicos  |9 11999 
856 |u http://bibliotecadigital.academia.cl/xmlui/handle/123456789/2368  |y Disponible en línea (PDF). Biblioteca Digital UAHC 
900 |a CASTALIA-03/02 
942 |c REVA